00265nam a2200109Ia 4500008004100000100002200041245003000063260001800093650002000111942000700131999001700138190216s9999||||xx |||||||||||||| ||und|| aNamboodiri.A.P.P. 0aKavithayilek Oru Kaithiri bCurrent Books aEssay Malayalam cBK c23815d23815